[Event "Manila m"]
[Site "Manila"]
[Date "1998.02.18"]
[Round "3"]
[White "Torre, Eugenio"]
[Black "Antonio, Rogelio Jr"]
[Result "1/2-1/2"]
[WhiteElo "2560"]
[BlackElo "2520"]

1.d4 Nf6 2.Bg5 e6 3.e4 h6 4.Bxf6 Qxf6 5.Nf3 d6 6.c3 Nd7 7.Bd3 e5 8.Na3 Be7
9.Nc4 c6 10.O-O Bd8 11.a4 Bc7 12.a5 a6 13.dxe5 dxe5 14.b4 Nf8 15.Nfd2 Ne6
16.Re1 O-O 17.Bf1 Rd8 18.Qc2 Nf4 19.Ne3 Be6 20.Ndc4 Qg5 21.Rad1 h5 22.Kh1 h4
23.Rxd8+ Rxd8 24.Rd1 g6 25.Rxd8+ Qxd8 26.Qd1 Qe7 27.Qd2 Nh5 28.Nb2 Nf6 29.f3 Nh5
30.c4 Bd8 31.c5 Ng3+ 32.Kg1 Nxf1 33.Kxf1 h3 34.g3 f5 35.Ke2 f4 36.Nf1 Bc7
37.g4 Kf7 38.Qd3 Bxa5 39.bxa5 Qxc5 40.Qd8 Qc2+ 41.Qd2 Qc5 42.Qd8 Qc2+ 43.Qd2 Qc5  1/2-1/2

[Event "Masters"]
[Site "Bunratty"]
[Date "1998.02.23"]
[Round "6"]
[White "Gormally, Daniel"]
[Black "Rowson, Jonathan"]
[Result "0-1"]
[WhiteElo "2415"]
[BlackElo "2485"]

1.d4 Nf6 2.Bg5 e6 3.Nf3 h6 4.Bh4 c5 5.e3 b6 6.Nbd2 cxd4 7.exd4 Be7 8.Bd3 Bb7
9.c3 O-O 10.Bxf6 Bxf6 11.Qe2 Nc6 12.O-O-O Qc7 13.Kb1 g6 14.h4 Ne7 15.h5 g5
16.Ne5 Bg7 17.Be4 Nd5 18.g3 d6 19.Nd3 f5 20.Bf3 Rae8 21.Rhe1 e5 22.dxe5 dxe5
23.Bxd5+ Bxd5 24.Nb4 Be6 25.f3 a5 26.Nc2 Qf7 27.g4 e4 28.fxe4 Bxa2+ 29.Ka1 fxe4
30.Qe3 Bd5 31.Nd4 Qd7 32.Nf5 Qa4+ 33.Kb1 Rf6 34.Rf1 Bf8 35.c4 Bb7 36.Rde1 Qd7
37.Nb3 Rd8 38.Nc1 Qd2 39.Qb3 Qb4  0-1

[Event "Debrecen"]
[Site "Debrecen"]
[Date "1998.03.03"]
[Round "15"]
[White "Donka, Peter"]
[Black "Benedek, Zoltan"]
[Result "0-1"]
[WhiteElo "2280"]
[BlackElo "2105"]

1.d4 Nf6 2.Bg5 e6 3.Nf3 Be7 4.Nbd2 O-O 5.e4 d5 6.e5 Nfd7 7.h4 h6 8.Be3 b6
9.Bd3 Ba6 10.Qe2 Bxd3 11.Qxd3 c5 12.c3 Nc6 13.a3 Re8 14.b4 Rc8 15.Ke2 Nf8
16.h5 f6 17.Bf4 Qd7 18.Rh3 Kh8 19.Qe3 fxe5 20.Nxe5 Nxe5 21.Bxe5 Bg5 22.f4 Bf6
23.Nb3 Qa4 24.Nd2 cxb4 25.cxb4 Rc2 26.Qb3 Qxb3 27.Rxb3 Rec8 28.Rf1 Nd7 29.g4 Kg8
30.Ra1 Be7 31.Kd3 Nf6 32.Rg1 Ra2 33.Nb1 Ne4 34.b5 Rcc2 35.Bb8 Re2 36.Rf1 Nf2+
37.Rxf2 Rxf2 38.Ke3 Rh2 39.Nd2 Raxd2 40.Rb1 Ra2 41.f5 Bg5+  0-1

[Event "DEN-chT 9798"]
[Site "Denmark"]
[Date "1998.03.15"]
[Round "7"]
[White "Berg, Klaus"]
[Black "Andersen, Dan"]
[Result "1-0"]
[WhiteElo "2410"]
[BlackElo "2265"]

1.d4 Nf6 2.Bg5 e6 3.Nd2 d5 4.Ngf3 Nbd7 5.c4 Be7 6.e3 O-O 7.Bd3 c5 8.cxd5 Nxd5
9.Bxe7 Qxe7 10.O-O cxd4 11.Nxd4 Nc5 12.Bc4 Rd8 13.Qf3 Nb6 14.Rfd1 e5 15.N4b3 Nxc4
16.Nxc4 Be6 17.Nca5 e4 18.Qh5 Bxb3 19.Nxb3 Nd3 20.Rd2 Rd7 21.Rad1 Rad8 22.Nd4 g6
23.Qe2 f5 24.f3 h5 25.fxe4 fxe4 26.Rf1 Qe5 27.Qd1 Kg7 28.Qb3 Re7 29.Kh1 Rf8
30.Rxf8 Kxf8 31.Rc2 Rf7 32.Kg1 Kg7 33.Ne6+ Kh6 34.Nd8 Rf1+ 35.Kxf1 Qf6+ 36.Kg1 Qxd8
37.Qf7 Ne5 38.Qf1 Qd7 39.h3 Kg7 40.Qc1 Kh6 41.Qd2 Nd3 42.Qc3 Ne5 43.Rf2 Qe6
44.Rf4  1-0

[Event "Hampstead IM"]
[Site "Hampstead"]
[Date "1998.03.26"]
[Round "2"]
[White "Vigus, James"]
[Black "Aagaard, Jacob"]
[Result "1/2-1/2"]
[WhiteElo "2260"]
[BlackElo "2395"]

1.d4 Nf6 2.Bg5 e6 3.Nd2 c5 4.e3 Be7 5.Ngf3 b6 6.c3 Bb7 7.Bd3 cxd4 8.exd4 d6
9.Bxf6 Bxf6 10.Be4 Qc7 11.O-O Nd7 12.Re1 O-O 13.Bxb7 Qxb7 14.Nc4 Qc7 15.Ne3 d5
16.a4 a6 17.Qe2 Qb7 18.Ng4 b5 19.axb5 axb5 20.Nfe5 Bxe5 21.Nxe5 Nxe5 22.dxe5 b4
23.c4 Rfc8 24.cxd5 Qxd5 25.Rad1 Qb3  1/2-1/2

[Event "Vecernjakov GP"]
[Site "Sarajevo"]
[Date "1998.04.02"]
[Round "3"]
[White "Mohr, Georg"]
[Black "Jakupovic, Neven"]
[Result "1-0"]
[WhiteElo "2455"]
[BlackElo "2150"]

1.d4 Nf6 2.Bg5 e6 3.e4 h6 4.Bxf6 Qxf6 5.Nc3 Bb4 6.e5 Bxc3+ 7.bxc3 Qe7 8.Bd3 b6
9.f4 Bb7 10.Nf3 Nc6 11.O-O f5 12.exf6 Qxf6 13.Qe2 O-O-O 14.a4 a5 15.Rab1 g5
16.Ne5 Qg7 17.Ba6 gxf4 18.Nxc6 dxc6 19.Qxe6+ Qd7 20.Qxd7+ Rxd7 21.Bc4 Rg7
22.Rxf4 c5 23.g3 cxd4 24.cxd4 Rd8 25.Rbf1 Bc6 26.Bb3 Kb7 27.Re1 Rgd7 28.c3 Rd6
29.Re5 Bd7 30.Kf2 c6 31.c4 Bc8 32.Ke3 Re6 33.Rxe6 Bxe6 34.Rf6 Re8 35.Kd3 h5
36.Bd1 Bg4 37.Bxg4 hxg4 38.Rf7+ Kc8 39.Rg7 Rh8 40.Rxg4 Rxh2 41.Rg6 Kc7 42.c5 bxc5
43.dxc5 Ra2 44.Rg7+ Kd8 45.Kd4 Rd2+ 46.Ke5 Rd5+ 47.Ke6 Kc8 48.g4 Rxc5 49.g5 Rc4
50.g6 Rxa4 51.Rf7 Rg4 52.g7 Rg5 53.Kf6 Rg1 54.Ke5 c5 55.Kd5  1-0

[Event "Budapest FS04 IM"]
[Site "Budapest"]
[Date "1998.04.04"]
[Round "1"]
[White "Mensch, Etienne"]
[Black "Belotelov, Dimitri"]
[Result "1-0"]
[WhiteElo "2225"]
[BlackElo "2305"]

1.d4 Nf6 2.Bg5 e6 3.e4 c5 4.d5 Qb6 5.Bxf6 gxf6 6.Nd2 Qxb2 7.Ngf3 Bg7 8.Bd3 Qb6
9.O-O Qc7 10.a4 Na6 11.Bxa6 bxa6 12.Nc4 Rb8 13.dxe6 fxe6 14.Nd6+ Ke7 15.Nxc8+ Rhxc8
16.Qd2 Rb4 17.Qd3 Qc6 18.c4 Rxa4 19.Rad1 Rb4 20.Nd2 Qc7 21.f4 Rg8 22.Qh3 Rh8
23.f5 Rbb8 24.Nf3 Qf4 25.fxe6 dxe6 26.Nd4 Qxf1+ 27.Rxf1 cxd4 28.Qa3+ Kf7
29.Qxa6 Rhd8 30.Qxa7+ Kg8 31.Rd1 Bh6 32.Qe7 Be3+ 33.Kh1 d3 34.Qxe6+ Kg7 35.Qe7+ Kg6
36.e5 Bg5 37.exf6 Bxf6 38.Qe4+ Kg7 39.Qg4+ Kh8 40.Qf4 Bg7 41.g3 Rb2 42.c5 Rf8
43.Qe4 Rff2 44.c6 Rbe2 45.Qd5 d2 46.Kg1 Bc3 47.c7 Rf8 48.Qd8 Ree8 49.c8=Q  1-0

[Event "FRA-chT"]
[Site "FRA"]
[Date "1998.04.05"]
[Round "7"]
[White "Gaborit, Jean Pierre"]
[Black "Neiman, Emmanuel"]
[Result "0-1"]
[WhiteElo "2280"]
[BlackElo "2305"]

1.d4 Nf6 2.Bg5 e6 3.e4 c5 4.d5 d6 5.Nc3 Be7 6.Nf3 O-O 7.Be2 Nxd5 8.Nxd5 Bxg5
9.Nxg5 exd5 10.Qxd5 Nc6 11.c3 Qf6 12.O-O Re8 13.f4 Ne7 14.Qb3 h6 15.e5 Qg6
16.Nf3 Nf5 17.Bd3 Qh5 18.Rf2 b6 19.Re1 Be6 20.Bc4 Rad8 21.Bxe6 Rxe6 22.Rfe2 Rg6
23.Rf2 d5 24.Qd1 d4 25.cxd4 cxd4 26.Nd2 Qh4 27.Nf1 d3 28.Re4 Rd7 29.Ne3 Nd4
30.Rxd4 Rxd4 31.Nf5 Qxf2+ 32.Kxf2 Rxf4+ 33.Ke3 Rxf5 34.Qxd3 Rxe5+ 35.Kf3 Rf6+
36.Kg3 Rg5+ 37.Kh3 Rh5+ 38.Kg3 Rg6+ 39.Kf3 Rxh2 40.Qd8+ Kh7  0-1

[Event "Budapest FS04 IM"]
[Site "Budapest"]
[Date "1998.04.10"]
[Round "7"]
[White "Mensch, Etienne"]
[Black "Eperjesi, Laszlo"]
[Result "0-1"]
[WhiteElo "2225"]
[BlackElo "2365"]

1.d4 Nf6 2.Bg5 e6 3.e4 h6 4.Bxf6 Qxf6 5.Nc3 d6 6.Bc4 g6 7.Qd2 Bg7 8.Nge2 a6
9.a4 Nc6 10.Rd1 Qg5 11.O-O Qxd2 12.Rxd2 Bd7 13.Ba2 Nb4 14.Bb3 h5 15.Nd1 O-O
16.c3 Nc6 17.Ne3 b5 18.Ra1 b4 19.c4 Na5 20.Bd1 Rab8 21.b3 c5 22.Rb1 cxd4
23.Nxd4 Rfd8 24.Bc2 Rbc8 25.Rbd1 Be8 26.h3 Rc5 27.Nf3 Nb7 28.h4 Bc3 29.Re2 Rdc8
30.Nd4 Bd7 31.Kf1 Kg7 32.Kg1 Rh8 33.Nf3 f6 34.Kf1 Kf7 35.Kg1 Rg8 36.Kf1 Ke7
37.Ne1 Na5 38.f4 g5 39.f5 gxh4 40.Nd3 Rcc8 41.Nf4 Be5 42.fxe6 Bxe6 43.Nf5+ Kd7
44.Nd5 Bxd5 45.Rxd5 Nb7 46.Nxh4 Rg4 47.Nf5 Nc5 48.Re3 h4 49.Bd1 Rf4+ 50.Rf3 Rxf3+
51.Bxf3 Nxb3 52.Nxd6 Rc5 53.Bg4+ Kc6 54.Nf7 Rxd5 55.cxd5+ Kc7 56.Ke2 Nc5
57.a5 b3 58.Kd1 Nxe4 59.Bf5 Nc3+ 60.Kc1 Nxd5 61.Nxe5 fxe5 62.Kb2 Ne3 63.Bh3 Nc4+
64.Kxb3 Nxa5+ 65.Kb4 Kb6 66.Bd7 Nc6+ 67.Kc4 Kc7 68.Bf5 Kd6 69.Be4 Nd4 70.Bb7 a5
71.Bc8 Ne2 72.Kb5 Ng3 73.Kxa5 Kc5 74.Ba6 e4 75.Ka4 e3 76.Kb3 e2 77.Bxe2 Nxe2
78.Kc2 Kd4 79.Kd2 Nf4 80.Ke1 Ke3 81.Kf1 Ne2 82.Ke1 Ng3  0-1

[Event "Vecernjakov GP"]
[Site "Sarajevo"]
[Date "1998.04.12"]
[Round "11"]
[White "Trkulja, Goran"]
[Black "Jakupovic, Neven"]
[Result "1-0"]
[WhiteElo "2300"]
[BlackElo "2150"]

1.d4 Nf6 2.Bg5 e6 3.Nc3 h6 4.Bh4 Be7 5.e4 Nxe4 6.Bxe7 Nxc3 7.Bxd8 Nxd1 8.Bxc7 Nxb2
9.Bd6 b6 10.Rb1 Na4 11.Kd2 a6 12.c4 b5 13.cxb5 axb5 14.Bxb5 Nc6 15.Nf3 f6
16.Rhc1 Kf7 17.Bxc6 dxc6 18.Rxc6 Rd8 19.Rb4 Bd7 20.Rc7 Ra6 21.Rcb7 Ke8 22.Bg3 g5
23.Kd3 e5 24.Rb8 Be6 25.Rxd8+ Kxd8 26.dxe5 f5 27.h4 Nc5+ 28.Kd4 Ne4 29.hxg5 hxg5
30.Nxg5 Nxg5 31.Bh4 Rxa2 32.Bxg5+ Kc7 33.Ke3 Bd5 34.g3 Kd7 35.Rb6 Bc4 36.f3 Ra3+
37.Kf4 Be2 38.e6+ Kc7 39.e7 Kxb6 40.e8=Q Rxf3+ 41.Ke5  1-0

[Event "GRE-chT"]
[Site "Poros"]
[Date "1998.04.21"]
[Round "2"]
[White "Miladinovic, Igor"]
[Black "Arakhamia, Ketevan"]
[Result "1-0"]
[WhiteElo "2565"]
[BlackElo "2440"]

1.d4 Nf6 2.Bg5 e6 3.Nd2 d5 4.e3 c5 5.c3 Nbd7 6.Ngf3 cxd4 7.exd4 Bd6 8.Bd3 Qc7
9.Qe2 h6 10.Bxf6 Nxf6 11.O-O O-O 12.Ne5 Bxe5 13.dxe5 Nd7 14.Rfe1 Nc5 15.Bc2 b6
16.Nf3 Ba6 17.Qe3 Rae8 18.a4 Bb7 19.Nd4 f5 20.Nb5 Qb8 21.Nd6 Re7 22.b4 Ne4
23.Bxe4 dxe4 24.a5 Ba8 25.axb6 axb6 26.Ra6 Rc7 27.c4 b5 28.Rb6 Qa7 29.Rxb5 Qa4
30.Rb6 Qa2 31.Qe2 Qb3 32.Qd1 Qb2 33.Qa1 Qd2 34.Ra6 Bc6 35.b5 Bd7 36.Qa5 Qxa5
37.Rxa5 Rc5 38.f4 exf3 39.gxf3 f4 40.Ra7 Be8 41.Kf2 Bg6 42.b6  1-0

[Event "GRE-chT"]
[Site "Poros"]
[Date "1998.04.21"]
[Round "2"]
[White "Gogolis, Alexandros"]
[Black "Tsarouhas, Konstantinos"]
[Result "1/2-1/2"]
[WhiteElo "2285"]
[BlackElo "2265"]

1.d4 Nf6 2.Bg5 e6 3.Nd2 h6 4.Bxf6 Qxf6 5.Ngf3 b6 6.g3 Bb7 7.Bg2 g5 8.c3 g4
9.Nh4 Nc6 10.Ne4 Qg7 11.d5 Na5 12.dxe6 fxe6 13.Qc2 O-O-O 14.Nd2 Bxg2 15.Nxg2 d5
16.Nf4 Qf7 17.h3 Bd6 18.Qg6 Qxg6 19.Nxg6 Rhg8 20.Nh4 h5 21.e3 Nc6 22.Ke2 Rdf8
23.Ng2 e5 24.hxg4 hxg4 25.c4 d4 26.Ne4 Bc5 27.Rh6 Nd8 28.Rah1 Nf7 29.Rf6 Nd6
30.Nxd6+ Bxd6 31.Rxf8+ Rxf8 32.exd4 exd4 33.Ne1 Re8+ 34.Kf1 a5 35.Nd3 Re4
36.Rh4 c5 37.Rh7 a4 38.Ra7 b5 39.b3 axb3 40.axb3 bxc4 41.bxc4 Re6 42.Rg7 Re4
43.Ra7 Re6  1/2-1/2

[Event "GRE-chT"]
[Site "Poros"]
[Date "1998.04.25"]
[Round "8"]
[White "Miladinovic, Igor"]
[Black "Spasov, Vasil"]
[Result "1/2-1/2"]
[WhiteElo "2565"]
[BlackElo "2605"]

1.d4 Nf6 2.Bg5 e6 3.e3 c5 4.c3 cxd4 5.exd4 Be7 6.Bd3 b6 7.Bxf6 Bxf6 8.Nf3 Bb7
9.Nbd2 d6 10.O-O Nd7 11.a4 a6 12.Be4 Bxe4 13.Nxe4 d5 14.Nxf6+  1/2-1/2

[Event "FRA-chT"]
[Site "FRA"]
[Date "1998.05.09"]
[Round "9"]
[White "Neiman, Emmanuel"]
[Black "Roser, Kevin"]
[Result "1-0"]
[WhiteElo "2305"]
[BlackElo "2255"]

1.d4 Nf6 2.Bg5 e6 3.e4 h6 4.Bxf6 Qxf6 5.c3 d6 6.Bd3 g5 7.Ne2 Bg7 8.O-O e5
9.Nd2 O-O 10.dxe5 dxe5 11.Nc4 Rd8 12.Qc2 Be6 13.Ng3 Nd7 14.b4 Bxc4 15.Bxc4 Nf8
16.Rfe1 Rd7 17.Re3 Rad8 18.Rf3 Qb6 19.Qb3 Ne6 20.Nf1 Qd6 21.Ne3 c6 22.Nf5 Qd2
23.Rf1 Nf4 24.a4 Ne2+ 25.Kh1 g4 26.Re3 Nf4 27.h3 Nd3 28.Kg1 Nb2 29.hxg4 Nxc4
30.Qxc4 Rd3 31.a5 Rxe3 32.fxe3 Rd7 33.a6 bxa6 34.Qxc6 Kh7 35.c4 a5 36.bxa5 Rd3
37.Nxg7 Qxe3+ 38.Kh1 Qe2 39.Qf6 Rd2 40.Rg1 Qxg4 41.Qf5+ Qg6 42.Qxg6+ fxg6
43.Ne8 Rc2 44.Rd1 h5 45.Rd7+ Kh6 46.Nd6 Kg5 47.Rxa7 Kf4 48.Rf7+ Kg4 49.Rf3  1-0

[Event "Boca Juniors op"]
[Site "Buenos Aires"]
[Date "1998.05.15"]
[Round "8"]
[White "Tempone, Marcelo"]
[Black "Sorokin, Maxim"]
[Result "0-1"]
[WhiteElo "2445"]
[BlackElo "2575"]

1.d4 Nf6 2.Bg5 e6 3.e4 h6 4.Bxf6 Qxf6 5.e5 Qd8 6.Nc3 d5 7.f4 c5 8.Nf3 Nc6
9.Ne2 Qb6 10.b3 cxd4 11.a3 Bxa3 12.Rxa3 Qb4+ 13.Kf2 Qxa3 14.Nexd4 O-O 15.Bd3 f6
16.Kg3 Qe7 17.Nxc6 bxc6 18.Re1 f5 19.Qd2 Bd7 20.Ra1 Rfb8 21.Qf2 a5  0-1

[Event "Clichy"]
[Site "Clichy"]
[Date "1998.05.19"]
[Round "4"]
[White "Bouton, Christophe"]
[Black "Moracchini, Fabrice"]
[Result "0-1"]
[WhiteElo "2210"]
[BlackElo "2315"]

1.d4 Nf6 2.Bg5 e6 3.e4 h6 4.Bxf6 Qxf6 5.c3 b6 6.Nd2 Bb7 7.Bd3 Qe7 8.Ne2 g6
9.O-O d6 10.f4 Bg7 11.Ng3 Nd7 12.Qa4 O-O 13.Rae1 e5 14.fxe5 dxe5 15.Nf3 a6
16.Qd1 Rad8 17.Qe2 b5 18.Rd1 Qe6 19.d5 Qe7 20.Kh1 Nc5 21.Bc2 Rd6 22.Qe3 Nd7
23.Bb3 Rb6 24.Ne1 Nc5 25.Bc2 a5 26.b4 Nd7 27.Nd3 Ra8 28.Bb3 Nf6 29.a3 Rd6
30.Rc1 Ng4 31.Qg1 h5 32.Rf3 axb4 33.axb4 Ra3 34.Nc5 Bc8 35.Ra1 Rxa1 36.Qxa1 Kh7
37.h3 Nh6 38.Qf1 Bd7 39.Bc2 Be8 40.Bd3 Rb6 41.Qa1 Ng8 42.Qa7 Qd8 43.Rf1 Bf8
44.Ra1 Nf6 45.Ra5 h4 46.Nf1 Nh5 47.Be2 Nf4 48.Bf3 Qc8 49.Qa8 Rb8 50.Qa6 Qd8
51.Ra1 Rb6 52.Qa8 Rb8 53.Qa2 Bd6 54.Qb1 Qe7 55.Nb3 Bd7 56.Nh2 c6 57.Ra7 cxd5
58.Ng4 Kg7 59.Nc5 Rd8 60.Qa1 dxe4 61.Nxe4 Bb8 62.Rb7 f5 63.Nc5 Qd6 64.c4 fxg4
65.Bxg4 Qd2 66.Bf3 Kh6 67.Nxd7 Rxd7 68.Rxb8 Nd3 69.cxb5 Rd4 70.Qa7 Nf2+ 71.Kh2 Qf4+
72.Kg1 Nxh3+ 73.Kh1 Qc1+ 74.Kh2 Qg1+  0-1

[Event "Warsaw-ch"]
[Site "Warsaw"]
[Date "1998.05.24"]
[Round "4"]
[White "Kolosowski, Pawel"]
[Black "Kolasinski, Marek"]
[Result "1/2-1/2"]
[WhiteElo "2160"]
[BlackElo "2280"]

1.d4 Nf6 2.Bg5 e6 3.e4 h6 4.Bxf6 Qxf6 5.Nf3 d6 6.Nc3 Nd7 7.Bd3 g6 8.Qe2 Bg7
9.O-O-O O-O 10.Rhe1 e5 11.Nd5 Qd8 12.c3 c6 13.Ne3 Qe7 14.Bb1 Nb6 15.Rd2 Be6
16.Red1 Rad8 17.g3 Rfe8 18.h4 exd4 19.Nxd4 d5 20.Nxe6 Qxe6 21.exd5 Rxd5 22.Nxd5 Qxe2
23.Rxe2 Rxe2 24.Nxb6 axb6 25.Rd2 Rxd2 26.Kxd2  1/2-1/2

[Event "Hamburg-chI"]
[Site "Hamburg"]
[Date "1998.05.29"]
[Round "1"]
[White "Reddmann, Hauke"]
[Black "Pelletier, Yannick"]
[Result "1-0"]
[WhiteElo "2315"]
[BlackElo "2515"]

1.d4 Nf6 2.Bg5 e6 3.e4 h6 4.Bxf6 Qxf6 5.Nc3 d6 6.Qd2 g5 7.O-O-O Bg7 8.h4 Nc6
9.Bb5 Bd7 10.e5 Qf4 11.Qxf4 gxf4 12.exd6 cxd6 13.Nge2 f3 14.gxf3 d5 15.f4 Ne7
16.Ng3 Bxb5 17.Nxb5 Kd7 18.Rd3 h5 19.Nc3 f5 20.Nge2 Bf6 21.Rg3 Rh6 22.Nd1 Nc8
23.Rg8 Ke7 24.c3 Kf7 25.Rg2 Ne7 26.Ne3 Rg6 27.Rxg6 Nxg6 28.Ng2 Rg8 29.Ng3 Nf8
30.Rh2 Kg6 31.Nf1 Kh6 32.Kd2 Be7 33.Ke2 b5 34.a3 a5 35.Nfe3 Ng6 36.Rh1 Rc8
37.Kf3 Kg7 38.Kg3 Kh6 39.Nc2 Kg7 40.Nge1 Bd6 41.Nd3 Rg8 42.Ne3 Kh6 43.Kf3 Be7
44.Ng2 Rc8 45.Re1 Rc6 46.Kg3 Rb6 47.b4 a4 48.Nc5 Nf8 49.Re2 Kg6 50.Ne1 Kf7
51.Nf3 Bf6 52.Re1 Rc6 53.Ng5+ Ke7 54.Kf3 Rb6 55.Rg1 Rd6 56.Ke3 Rc6 57.Nf3 Rc8
58.Ne5 Bxe5 59.fxe5 Kf7 60.Kd3 Rc6 61.Nb7  1-0

[Event "Hamburg-chI"]
[Site "Hamburg"]
[Date "1998.05.29"]
[Round "1"]
[White "Lindinger, Markus"]
[Black "Breyther, Ruediger"]
[Result "1-0"]
[WhiteElo "2245"]
[BlackElo "2385"]

1.d4 Nf6 2.Bg5 e6 3.Nc3 h6 4.Bh4 d5 5.e4 Bb4 6.exd5 Qxd5 7.Bxf6 gxf6 8.Ne2 Nc6
9.a3 Bxc3+ 10.Nxc3 Qxd4 11.Qxd4 Nxd4 12.O-O-O c5 13.Ne4 b6 14.c3  1-0

[Event "RSA-ch"]
[Site "Bruma Lake"]
[Date "1998.06.04"]
[Round "8"]
[White "Bouah, Lyndon"]
[Black "Solomon, Kenny"]
[Result "0-1"]
[WhiteElo "2175"]
[BlackElo "2240"]

1.d4 Nf6 2.Bg5 e6 3.e4 h6 4.Bxf6 Qxf6 5.Nc3 d6 6.Qd2 g5 7.Bc4 Bg7 8.Nge2 Nc6
9.Rd1 Bd7 10.O-O O-O-O 11.Nb5 a6 12.Na3 Qg6 13.Bd3 g4 14.c3 h5 15.b4 h4 16.b5 axb5
17.Nxb5 g3 18.e5 Qh5 19.Nf4 gxh2+ 20.Kh1 Qg5 21.exd6 Bh6 22.dxc7 Rdg8 23.d5 Qxf4
24.Qxf4 Bxf4 25.d6 Rg5 26.c4 Rc5 27.g3 Be5 28.f4 Bg7 29.g4 b6 30.a3 f5 31.gxf5 exf5
32.Kxh2 Bh6 33.Rde1 Kb7 34.Kh3 Rg8 35.Rg1 Rg4 36.Rxg4 fxg4+ 37.Kxh4 Bxf4
38.Rf1 g3 39.Rxf4 g2 40.c8=Q+ Bxc8 41.Rf7+ Kb8 42.Rg7  0-1

[Event "Lost Boys op"]
[Site "Antwerp"]
[Date "1998.07.06"]
[Round "6"]
[White "Wantiez, Fabrice"]
[Black "Roeder, Mathias"]
[Result "0-1"]
[WhiteElo "2110"]
[BlackElo "2435"]

1.d4 Nf6 2.Bg5 e6 3.e3 h6 4.Bh4 c5 5.c3 Qb6 6.Qb3 d5 7.Nd2 Nc6 8.Ngf3 Be7
9.Be2 Bd7 10.O-O O-O 11.Ne5 Rfd8 12.f4 cxd4 13.exd4 Nxd4 14.cxd4 Qxd4+ 15.Rf2 Qxd2
16.Bxf6 Bxf6 17.Bh5 Qd4 18.Bxf7+ Kh8 19.Nxd7 Rxd7 20.Bxe6 Rd6 21.Rd1 Qc5
22.Qxb7 Rf8 23.b4 Qe3 24.f5 Rxe6 25.Rxd5 Bd4  0-1

[Event "San Francisco Mechanics"]
[Site "San Francisco"]
[Date "1998.07.10"]
[Round "1"]
[White "Rey, Guillermo"]
[Black "Atalik, Suat"]
[Result "0-1"]
[WhiteElo "2335"]
[BlackElo "2595"]

1.d4 Nf6 2.Bg5 e6 3.Nf3 h6 4.Bxf6 Qxf6 5.e3 b6 6.Nbd2 Bb7 7.Bd3 g5 8.Qe2 Nc6
9.c3 g4 10.Ng1 h5 11.h3 Bh6 12.hxg4 hxg4 13.Qxg4 O-O-O 14.Ne4 Qe7 15.Qe2 f5
16.Ng3 f4 17.exf4 Bxf4 18.Rxh8 Rxh8 19.Nh3 Bxg3 20.fxg3 Qd6 21.O-O-O Qxg3
22.Be4 Ne7 23.Rd3 Qg7 24.Bxb7+ Kxb7 25.Qf3+ c6 26.g4 Rf8 27.Qg3 Rf1+ 28.Rd1 Nf5
29.Qd3 Rxd1+ 30.Qxd1 Qh6+ 31.Qd2 Qxh3 32.gxf5 exf5 33.Qf4 Qh1+ 34.Kd2 Qe4
35.Qd6 Qe6 36.Qf8 Qxa2  0-1

[Event "Szeged TT07 IM"]
[Site "Szeged"]
[Date "1998.07.19"]
[Round "4"]
[White "Dupsky, Laszlo"]
[Black "Farkas, Tibor"]
[Result "0-1"]
[WhiteElo "2285"]
[BlackElo "2275"]

1.d4 Nf6 2.Bg5 e6 3.e4 h6 4.Bxf6 Qxf6 5.Nc3 Qd8 6.Qg4 d6 7.Qg3 Qg5 8.Qd3 Qa5
9.Qg3 a6 10.Nf3 Nd7 11.Be2 c5 12.O-O cxd4 13.Nxd4 Qe5 14.Qe3 Qc5 15.a3 Be7
16.b4 Qa7 17.Nb1 O-O 18.c4 Ne5 19.Ra2 Bd7 20.Nd2 Rfc8 21.Rc2 Ba4 22.Rc3 Bf6
23.Kh1 Ng4 24.Bxg4 Bxd4 25.Qh3 Bxc3 26.Qxc3 b5 27.f4 Re8 28.Rf3 Bd1 29.Rg3 Bxg4
30.Rxg4 e5 31.Nf3 Rac8 32.h4 Rxc4 33.Qd2 h5 34.Rg5 exf4 35.Qxd6 Qe7 36.Qxa6 Qxe4
37.Qf6 g6 38.Kh2 Rc2 39.Qd6 Re6 40.Qd8+ Kg7 41.Nd4 f3 42.Nf5+ Kh7 43.Qf8 Rxg2+
44.Kh3 Qg4+  0-1

[Event "Smith & Williamson"]
[Site "Witley"]
[Date "1998.07.20"]
[Round "1"]
[White "Bates, Ruth"]
[Black "Anguelov, Iva"]
[Result "1/2-1/2"]
[WhiteElo "2035"]
[BlackElo "1888"]

1.d4 Nf6 2.Bg5 e6 3.Nf3 b6 4.c3 Bb7 5.Nbd2 d6 6.e4 Be7 7.Bd3 Nbd7 8.h3 h6
9.Bh4 c5 10.e5 dxe5 11.dxe5 Nh5 12.Bxe7 Qxe7 13.Be4 Bxe4 14.Nxe4 O-O 15.Qc1 f6
16.exf6 Nhxf6 17.Nxf6+ Qxf6 18.Qe3 Rae8 19.O-O Qg6 20.Rad1 Nf6 21.Ne5 Qf5
22.g4 Qc2 23.Rd2 Qa4 24.b3 Qa6 25.c4 Qb7 26.f3 Qc7 27.Kg2 Rd8 28.Rfd1 Rxd2+
29.Rxd2 Rd8 30.Rxd8+ Qxd8 31.Nd3 Qd6 32.Nf2  1/2-1/2

[Event "Smith & Williamson"]
[Site "Witley"]
[Date "1998.07.20"]
[Round "2"]
[White "Timms, Nick"]
[Black "Cave, Matthew"]
[Result "1/2-1/2"]
[WhiteElo "2020"]
[BlackElo "2030"]

1.d4 Nf6 2.Bg5 e6 3.e4 Be7 4.Bd3 d5 5.Bxf6 Bxf6 6.e5 Be7 7.Nf3 c5 8.c3 Nc6
9.O-O Bd7 10.Nbd2 Qb6 11.dxc5 Bxc5 12.Nb3 Be7 13.Re1 Rc8  1/2-1/2

[Event "Smith & Williamson"]
[Site "Witley"]
[Date "1998.07.21"]
[Round "3"]
[White "Edmans, Alex"]
[Black "Anguelov, Iva"]
[Result "1-0"]
[WhiteElo "1808"]
[BlackElo "1888"]

1.d4 Nf6 2.Bg5 e6 3.e4 Be7 4.Nd2 h6 5.Bh4 d6 6.f4 Nbd7 7.Ngf3 c5 8.c3 b6
9.Bd3 Bb7 10.O-O Qc7 11.Qe2 O-O 12.Rac1 Rac8 13.c4 cxd4 14.e5 Nh5 15.Nxd4 Bxh4
16.Qxh5 Be7 17.Nxe6 fxe6 18.Qg6 Nf6 19.exf6 Bxf6 20.Rce1 Rfe8 21.Qh7+ Kf8
22.Bg6 Bxb2 23.Bxe8 Rxe8 24.f5 Bf6 25.fxe6 Ke7 26.Ne4 Bxe4 27.Rxe4 Rf8 28.Rxf6 Qc5+
29.Kh1 Qg5 30.Rf7+  1-0

[Event "Smith & Williamson"]
[Site "Witley"]
[Date "1998.07.23"]
[Round "7"]
[White "Timms, Nick"]
[Black "Davies, Paul S"]
[Result "1/2-1/2"]
[WhiteElo "2020"]
[BlackElo "2055"]

1.d4 Nf6 2.Bg5 e6 3.e4 h6 4.Bxf6 Qxf6 5.Nc3 Bb4 6.e5 Qd8 7.Qg4 Qg5 8.Qe4 Qf5
9.Qxf5 exf5 10.f4 b6 11.Bd3 g6 12.Nf3 Ba6 13.Rd1 Bxc3+ 14.bxc3 Bxd3 15.Rxd3 d6
16.h4 h5 17.O-O d5 18.Re1 b5 19.Rde3  1/2-1/2

[Event "Saitek US Masters"]
[Site "Hawaii"]
[Date "1998.07.29"]
[Round "9"]
[White "Rogers, Ian"]
[Black "Antonio, Rogelio Jr"]
[Result "1-0"]
[WhiteElo "2605"]
[BlackElo "2540"]

1.d4 Nf6 2.Bg5 e6 3.e4 h6 4.Bxf6 Qxf6 5.Nf3 d6 6.Nc3 Nc6 7.Bb5 Bd7 8.d5 Nb8
9.O-O e5 10.a4 Be7 11.Bxd7+ Nxd7 12.a5 a6 13.Na4 O-O 14.c4 Qg6 15.Qe2 f5
16.Nd2 Nf6 17.exf5 Qxf5 18.Nc3 Nh5 19.Nde4 Nf4 20.Qc2 h5 21.f3 h4 22.Kh1 Rf7
23.Nd1 h3 24.g3 Ng2 25.Qe2 Raf8 26.Ra3 Qh5 27.Rf2 Qf5 28.Rb3 Qh5 29.Kg1 c6
30.Rxb7 cxd5 31.cxd5 Nh4 32.gxh4 Bxh4 33.Rxf7 Bxf2+ 34.Ndxf2 Qxf7 35.Nxh3 Qxd5
36.Nhg5 Qd4+ 37.Kg2 Rb8 38.Qxa6 Qxb2+ 39.Kh3 Qd4 40.Qxd6 Qxd6 41.Nxd6 Ra8
42.Nc4 Rc8 43.Nxe5 Rc5 44.f4 Rxa5 45.Kg4 Ra2 46.h3 Ra6 47.f5 Ra4+ 48.Kh5 Ra6
49.Ng6 Ra5 50.Nh4 Ra6 51.Ng6 Ra5 52.Kg4 Ra1 53.Nf4 Ra4 54.h4 Rb4 55.Ne6 Kf7
56.Kg5 Rb1 57.Nh5 Rg1+ 58.Kf4 Rf1+ 59.Kg4 Rg1+ 60.Kh3 Rh1+ 61.Kg3 Rg1+ 62.Kh2 Rf1
63.Nexg7 Rf3 64.Kg2 Ra3 65.Ne6 Ke7 66.Ng5 Kd6 67.f6  1-0

[Event "BCF-ch"]
[Site "Torquay"]
[Date "1998.08.03"]
[Round "7"]
[White "Gunter, David WW"]
[Black "Coleman, David"]
[Result "0-1"]
[WhiteElo "2185"]
[BlackElo "2240"]

1.d4 Nf6 2.Bg5 e6 3.e4 h6 4.Bxf6 Qxf6 5.Nc3 d6 6.Qd2 g5 7.O-O-O Bg7 8.g3 Nc6
9.Nge2 Bd7 10.f4 O-O-O 11.Bg2 gxf4 12.gxf4 h5 13.Nb5 e5 14.dxe5 dxe5 15.Qc3 a6
16.Na3 Nd4 17.Nxd4 Qxf4+ 18.Kb1 exd4 19.Qc5 Kb8 20.Nc4 Qg4 21.Rhg1 Bb5 22.e5 Bf8
23.Nd6 cxd6 24.Qb6 Qc8 25.Qxd4 Bg7 26.Bxb7 Bxe5 27.Bxc8 Bxd4 28.Rxd4 Kxc8
29.Rg7 Be8 30.h4 Rh6 31.a4 Re6 32.Rd5 Re5 33.Rg5 f6 34.Rdxe5 dxe5 35.Rg7 Bxa4  0-1

[Event "FRA-ch"]
[Site "Meribel"]
[Date "1998.08.16"]
[Round "3"]
[White "Relange, Eloi"]
[Black "Kouatly, Bachar"]
[Result "1-0"]
[WhiteElo "2490"]
[BlackElo "2495"]

1.d4 Nf6 2.Bg5 e6 3.e4 h6 4.Bxf6 Qxf6 5.Nc3 b6 6.Qd2 Bb7 7.O-O-O Bb4 8.e5 Bxc3
9.Qxc3 Qg5+ 10.Kb1 Nc6 11.h4 Qe7 12.f4 O-O-O 13.Nf3 f6 14.Be2 Nb4 15.a3 Nd5
16.Qd2 g5 17.exf6 Nxf6 18.hxg5 Ne4 19.Qe3 hxg5 20.fxg5 Rhg8 21.g6 Rxg6 22.Bd3 d5
23.Rdg1 Rg3 24.Rh3 Qg7 25.Rxg3 Qxg3 26.Qh6 Re8 27.Qh7 Qg8 28.Qxg8 Rxg8 29.g4 Ng5
30.Ne5 Kd8 31.Rh1 Ke7 32.b4 a6 33.Rh5 Rg7 34.Bg6 Kf6 35.Rh6 Ke7 36.Rh8 c5
37.Re8+ Kf6 38.Rf8+ Ke7 39.Rb8 Kd6 40.c3 cxd4 41.cxd4 Kc7 42.Rh8 Bc6 43.Rh5 Ne4
44.Bxe4 dxe4 45.Kc2 Kd6 46.Kd2 Ba4 47.Ke3 Bd1 48.Rh1 Bf3 49.Rc1 Kd5 50.Rc8 Kd6
51.Nc4+ Kd7 52.Nxb6+ Kd6 53.Nc4+ Kd7 54.Ra8 Kc6 55.g5 Kb7 56.Re8 Rxg5 57.Rxe6 Rg3
58.Nd6+ Ka7 59.Nf5 Rg2 60.d5 Ra2 61.Re7+ Kb8 62.Kd4 Rxa3 63.d6 Kc8 64.Rc7+ Kd8
65.Ke5 Bg4 66.Nd4 Bd7 67.Ra7 Kc8 68.Kxe4 Ra4 69.Rc7+ Kd8 70.Rb7 Kc8 71.Rb6 Bb5
72.Ke5 Rxb4 73.Nc6 Rb1 74.Ne7+ Kd7 75.Rb7+ Ke8 76.Nd5 Kd8 77.Rb8+ Kd7 78.Nf6+ Kc6
79.d7 Re1+ 80.Kf4 Rf1+ 81.Ke3  1-0